000 00351nam a22001337a 4500
008 150803t xxu||||| |||| 00| 0 eng d
020 _a978-81-8128-765-5
082 _a620.119
100 _aSadra J. Rosenthal
_91007
245 _aNanobiotechnology Protocls
_hBook
260 _atotowa, New Jersey
_bHumana Press
_c2007
300 _a228
942 _2ddc
_cBK
999 _c17277
_d17277